书目信息 |
| 题名: |
唐山交大学生运动
|
|
| 作者: | ;中国人民政治协商会议 唐山市委员会文史资料委员会 编 | |
| 分册: | ||
| 出版信息: | 北京 开明出版社 1994 |
|
| 页数: | 246页 | |
| 开本: | 20cm | |
| 丛书名: | ||
| 单 册: | ||
| 中图分类: | D432.822 | |
| 科图分类: | ||
| 主题词: | 青年运动 , 青年组织 , 学生运动 , 学生组织 | |
| 电子资源: | ||
| ISBN: | 7-80077-811-8 | |
| 000 | 00921nam0 2200241 450 | |
| 001 | 0761254158 | |
| 005 | 20070922170405.00 | |
| 010 | @a7-80077-811-8@dCNY6.00 | |
| 100 | @a20070922d1994 km y0chiy0120 ea | |
| 101 | 0 | @achi |
| 102 | @aCN@b110000 | |
| 200 | 1 | @a唐山交大学生运动@Atang shan jiao da xue sheng yun dong@e1946-1949@f中国人民政治协商会议 唐山市委员会文史资料委员会 编@Fzhong guo ren min zheng zhi xie shang hui yi tang shan shi wei yuan hui wen shi zi liao wei yuan hui bian |
| 210 | @a北京@c开明出版社@d1994 | |
| 215 | @a246页@d20cm | |
| 517 | 1 | @a1946-1949 |
| 606 | 0 | @a青年运动 |
| 606 | 0 | @a青年组织 |
| 606 | 0 | @a学生运动 |
| 606 | 0 | @a学生组织 |
| 690 | @aD432.822@v3 | |
| 711 | 02 | @a中国人民政治协商会议 唐山市委员会文史资料委员会@Azhong guo ren min zheng zhi xie shang hui yi tang shan shi wei yuan hui wen shi zi liao wei yuan hui@4编 |
| 801 | 0 | @aCN@bPFT@c20070922 |
| 905 | @a10447@dD432.822@e206 | |
| 唐山交大学生运动:1946-1949/中国人民政治协商会议 唐山市委员会文史资料委员会 编.-北京:开明出版社,1994 |
| 246页;20cm |
| ISBN 7-80077-811-8:CNY6.00 |
| ● |
| 相关链接 |
|
|
|
|
正题名:唐山交大学生运动
索取号:D432.822/206
 
预约/预借
| 序号 | 登录号 | 条形码 | 馆藏地/架位号 | 状态 | 备注 |
| 1 | 0609552 | 206095526 | 第一样本阅览室/ [索取号:D432.822/206] | 在馆 | |
| 2 | 1050186 | 210501866 | 王士立赠书/ [索取号:D432.822/206] | 在馆 |